[Event "AUTO-OPEN-3753"]
[Site "http://www.queenalice.com/game.php?id=1459641"]
[Date "2017.1.15"]
[Round "1"]
[White "junipero"]
[Black "Arthur0007"]
[Result "0-1"]
[WhiteElo "2037"]
[BlackElo "2033"]

1. d4 Nf6 2. c4 g6 3. e3 d6 4. Nc3 Bg7 5. Nf3 O-O 6. g3 Bd7 7. Bg2 Qc8 8. O-O a6
9. b3 c6 10. Bb2 Bh3 11. Qd2 Bxg2 12. Kxg2 Nbd7 13. Rab1 b5 14. a3 Nb6 15. c5
dxc5 16. dxc5 Rd8 17. Qc2 Nbd5 18. Nxd5 Nxd5 19. Bxg7 Kxg7 20. b4 f6 21. Rbd1
Qe6 22. Nd4 Qc8 23. Qe4 e5 24. Ne2 a5 25. Ra1 axb4 26. axb4 Qb7 27. f4 exf4 28.
exf4 Re8 29. Qf3 Ne3+ 30. Kf2 Nxf1 31. Rxa8 Qxa8 32. Kxf1 Qa2 33. Nc3 Qa1+ 34.
Kg2 Qb2+ 35. Kh3 Rc8 36. Ne4 Re8 37. Qc3 Qxc3 38. Nxc3 Re3 39. Na2 f5 40. Nc1
Kf6 41. Kh4 h6 42. Kh3 g5 43. fxg5+ hxg5 44. Kg2 Ke5 45. Kf2 Kd4 46. h3 Re4 47.
Kf3 g4+ 48. hxg4 fxg4+ 49. Kf2 Kc3 50. Kf1 Kxb4 51. Nd3+ Kc4 52. Nf2 Rd4 53. Ke2
b4 54. Nd1 Rxd1 55. Kxd1 Kb3 56. Kc1 Ka2 0-1

[Event "Challenge"]
[Site "http://www.queenalice.com/game.php?id=1463406"]
[Date "2017.2.8"]
[Round "-"]
[White "Oziris"]
[Black "Arthur0007"]
[Result "0-1"]
[WhiteElo "1584"]
[BlackElo "2031"]

1. e4 e6 2. Nc3 d5 3. exd5 exd5 4. d4 Bb4 5. Qd3 Ne7 6. Qb5+ Nbc6 7. Bg5 O-O 8.
O-O-O Bxc3 9. Bxe7 Bxb2+ 10. Qxb2 Qxe7 11. h3 Qb4 12. Qb3 Qxb3 13. axb3 Be6 14.
Nf3 Rfd8 15. Bb5 Ne7 16. Rhe1 c6 17. Bd3 Ng6 18. Bxg6 hxg6 19. Ng5 Re8 20. Kd2
Bd7 21. Rxe8+ Rxe8 22. Ra1 a6 23. Ra4 c5 24. Ra5 Bb5 25. c4 b6 26. Ra3 dxc4 27.
bxc4 Bxc4 28. dxc5 bxc5 29. Rc3 Rd8+ 30. Ke3 Bf1 31. Kf3 c4 32. Ne4 Rd3+ 33.
Rxd3 cxd3 34. Ke3 Bxg2 35. Nc3 Bf1 36. h4 a5 37. f4 f6 38. Kf2 Be2 39. Nxe2 dxe2
40. Kxe2 Kf7 41. Kd3 Ke6 0-1

[Event "Challenge"]
[Site "http://www.queenalice.com/game.php?id=1465924"]
[Date "2017.2.21"]
[Round "-"]
[White "colatina"]
[Black "Arthur0007"]
[Result "0-1"]
[WhiteElo "1852"]
[BlackElo "2049"]

1. e4 e6 2. d4 d5 3. exd5 exd5 4. Nf3 h6 5. c4 c6 6. cxd5 cxd5 7. Bb5+ Bd7 8.
Qe2+ Be7 9. Ne5 Nf6 10. Nxd7 Nbxd7 11. Nc3 O-O 12. Be3 Bb4 13. a3 Bxc3+ 14. bxc3
a6 15. Bd3 Re8 16. O-O Rc8 17. c4 dxc4 18. Bxc4 Nb6 19. Bb3 Nbd5 20. Qa2 Re7 21.
Rac1 Nxe3 22. fxe3 Rxe3 23. Rxc8 Qxc8 24. Bxf7+ Kh8 25. d5 Qc5 26. Kh1 Rxa3 27.
Qd2 Qc4 28. Kg1 Ra2 29. Qd1 Qc5+ 30. Kh1 Ne4 31. Qb1 Nf2+ 32. Rxf2 Qxf2 0-1

[Event "AUTO-MASTER-2552"]
[Site "http://www.queenalice.com/game.php?id=1472302"]
[Date "2017.4.7"]
[Round "2"]
[White "manasses"]
[Black "Arthur0007"]
[Result "1-0"]
[WhiteElo "2115"]
[BlackElo "2059"]

1. d4 d5 2. c4 e6 3. Nc3 Nf6 4. Bg5 Bb4 5. e3 c6 6. Nf3 h6 7. Bxf6 Qxf6 8. Bd3
b6 9. O-O O-O 10. Rc1 Bb7 11. Ne5 dxc4 12. Ng4 Qe7 13. Bxc4 Bxc3 14. Rxc3 Nd7
15. a3 Nf6 16. Nxf6+ Qxf6 17. Qc2 a5 18. Rc1 g5 19. Bd3 Kg7 20. Be4 Rac8 21.
Bxc6 Ba6 22. b4 Rc7 23. b5 Bb7 24. Bxb7 Rxb7 25. Rc7 Rbb8 26. Qe4 Kg8 27. Rb7
Rbc8 28. Rbc7 Rxc7 29. Rxc7 Qd8 30. Qc6 1-0

[Event "AUTO-MASTER-2552"]
[Site "http://www.queenalice.com/game.php?id=1472303"]
[Date "2017.4.7"]
[Round "2"]
[White "Arthur0007"]
[Black "manasses"]
[Result "0-1"]
[WhiteElo "2045"]
[BlackElo "2125"]

1. e4 c5 2. Nf3 e6 3. c3 d5 4. e5 d4 5. Bd3 Nc6 6. O-O g6 7. Qc2 Bg7 8. Re1 Nge7
9. Na3 O-O 10. Nc4 b5 11. Nd6 c4 12. Nxc8 Rxc8 13. Bf1 d3 14. Qd1 Qc7 15. a4 a6
16. axb5 axb5 17. b3 Ra8 18. Ba3 Nxe5 19. Nxe5 Bxe5 20. Bxe7 Rxa1 21. Qxa1 Bxh2+
22. Kh1 Rc8 23. bxc4 bxc4 24. Bb4 Qf4 25. g3 Qxf2 26. Bg2 Bxg3 27. Rf1 Qxd2 28.
Qc1 Qe2 29. Qd1 Ra8 30. Qxe2 dxe2 31. Rb1 Rd8 32. Bf3 e1=Q+ 33. Rxe1 Bxe1 0-1

[Event "AUTO-MASTER-2552"]
[Site "http://www.queenalice.com/game.php?id=1472304"]
[Date "2017.4.7"]
[Round "2"]
[White "nemeth"]
[Black "Arthur0007"]
[Result "1-0"]
[WhiteElo "2313"]
[BlackElo "2063"]

1. e4 e6 2. d4 d5 3. Nd2 c5 4. exd5 Qxd5 5. Ngf3 cxd4 6. Bc4 Qd6 7. Nb3 e5 8.
Qe2 Nc6 9. Bb5 f6 10. Nfxd4 Ne7 11. Nxc6 bxc6 12. Bc4 Bb7 13. Be3 Nf5 14. Bc5
Qc7 15. Bxf8 Kxf8 16. O-O Re8 17. Nc5 Bc8 18. Rad1 Nd4 19. Qh5 Re7 20. c3 Nb5
21. Rd2 1-0

[Event "AUTO-MASTER-2552"]
[Site "http://www.queenalice.com/game.php?id=1472305"]
[Date "2017.4.7"]
[Round "2"]
[White "Arthur0007"]
[Black "nemeth"]
[Result "0-1"]
[WhiteElo "2057"]
[BlackElo "2328"]

1. e4 c5 2. Nf3 d6 3. d4 cxd4 4. Nxd4 Nf6 5. Nc3 a6 6. Be3 e5 7. Nb3 Be6 8. Bd3
Be7 9. O-O Nbd7 10. f4 exf4 11. Bxf4 Ne5 12. Nd5 Nxd5 13. exd5 Bxd5 14. Bxa6
Qb6+ 15. Kh1 Bxb3 16. Bxe5 dxe5 17. cxb3 Rxa6 18. Qh5 Bf6 19. Rac1 O-O 20. Rc3
g6 21. Qh6 Bg7 22. Qh4 Rxa2 23. Rh3 h6 24. Rhf3 Rxb2 25. Qe7 Qe6 26. Qxb7 e4 0-1

[Event "Challenge"]
[Site "http://www.queenalice.com/game.php?id=1476457"]
[Date "2017.5.2"]
[Round "-"]
[White "colatina"]
[Black "Arthur0007"]
[Result "0-1"]
[WhiteElo "1833"]
[BlackElo "2052"]

1. e4 e6 2. Nf3 d5 3. exd5 exd5 4. c4 d4 5. Qb3 Nc6 6. a4 Bc5 7. d3 h6 8. Bd2
Nf6 9. Na3 a6 10. Nc2 O-O 11. O-O-O Re8 12. h3 Rb8 13. Bb4 Nxb4 14. Nxb4 Qd6 15.
Nd5 Nxd5 16. cxd5 c6 17. Nd2 cxd5 18. g4 Bd7 19. Bg2 Be6 0-1

[Event "AUTO-OPEN-3752"]
[Site "http://www.queenalice.com/game.php?id=1493829"]
[Date "2017.9.10"]
[Round "2"]
[White "Arthur0007"]
[Black "Duncan"]
[Result "1/2-1/2"]
[WhiteElo "2048"]
[BlackElo "2298"]

1. e4 c5 2. c3 Nf6 3. d3 d6 4. Be2 Nc6 5. Na3 g6 6. Nc2 Bg7 7. f4 Qc7 8. Nf3 O-O
9. O-O e5 10. fxe5 dxe5 11. Kh1 h6 12. Be3 b6 13. Qc1 Kh7 14. a4 Bb7 15. g4 Nxg4
16. Ng5+ hxg5 17. Bxg4 f6 18. Kg1 Qd6 19. Rf3 Kg8 20. Qb1 Bc8 21. Qa2+ Rf7 22.
Bxc8 Rxc8 23. Raf1 Kf8 24. Bxg5 Ke7 25. Ne3 Rcf8 26. h4 Qe6 27. Nd5+ Kd7 28.
Nxf6+ Bxf6 29. Qxe6+ Kxe6 30. Bh6 Rg8 31. Bg5 Bxg5 32. Rxf7 Be7 33. Rh7 Nd8 34.
Ra1 a5 35. Rc1 Kd7 36. Rf1 Ke8 37. Kh2 Rf8 38. Rxf8+ Bxf8 39. Ra7 Ne6 40. Rb7
Be7 41. Rxb6 Kd7 42. Rb7+ Kd6 43. Rb6+ Kd7 44. Rb7+ Kd6 1/2-1/2

[Event "AUTO-OPEN-3752"]
[Site "http://www.queenalice.com/game.php?id=1493830"]
[Date "2017.9.10"]
[Round "2"]
[White "Duncan"]
[Black "Arthur0007"]
[Result "1-0"]
[WhiteElo "2293"]
[BlackElo "2054"]

1. e4 e5 2. Nf3 Nf6 3. Nxe5 d6 4. Nf3 Nxe4 5. d4 d5 6. Bd3 Be7 7. O-O O-O 8. Re1
f5 9. c4 c6 10. Nc3 b6 11. Qb3 Bb7 12. cxd5 cxd5 13. Nxe4 fxe4 14. Bxe4 Kh8 15.
Bc2 Nc6 16. Qd3 g6 17. a3 Rf7 18. Bd2 Qd7 19. Ng5 Bxg5 20. Bxg5 Qg4 21. Be3 Rf3
22. Bd1 Ne5 23. dxe5 d4 24. Bxf3 Bxf3 25. Qf1 dxe3 26. Rxe3 Bd5 27. f3 Qd4 28.
Qf2 Rc8 29. Re2 Qc4 30. Rd1 Be6 31. Red2 Rc6 32. Qd4 Qb3 33. Qd8+ Kg7 34. Qf6+
Kh6 35. Rd3 Qxb2 36. Rd4 1-0

[Event "AUTO-OPEN-3752"]
[Site "http://www.queenalice.com/game.php?id=1493831"]
[Date "2017.9.10"]
[Round "2"]
[White "Arthur0007"]
[Black "leeroy1"]
[Result "0-1"]
[WhiteElo "2058"]
[BlackElo "2171"]

1. e4 g6 2. d4 Bg7 3. Nf3 d6 4. Nc3 Bg4 5. Be2 Qc8 6. Be3 a6 7. O-O Nf6 8. Nd2
Bd7 9. f4 Ng4 10. Bxg4 Bxg4 11. Qe1 Nc6 12. Nb3 Nb4 13. Rc1 Nc6 14. d5 Na7 15.
a4 O-O 16. Qf2 b6 17. h3 Bd7 18. Bd4 Bxd4 19. Nxd4 c5 20. Nf3 b5 21. axb5 Nxb5
22. Qh4 f6 23. e5 Qd8 24. Ne4 Bf5 25. Neg5 fxg5 26. Nxg5 h5 27. g4 Qb6 28. gxf5
Rxf5 29. Ne6 Ra7 30. Qg3 Kf7 31. Kh2 Ra8 32. c3 Nc7 33. Nxc7 Qxc7 34. Rg1 Rg8
35. e6+ Kf8 36. c4 Qb7 37. Rc2 Ke8 38. Qd3 Rxf4 39. Rxg6 Rgf8 40. Rg7 Qb4 41.
Qg6+ Kd8 42. Rf7 Qe1 43. b3 Rf1 44. Rxf8+ Rxf8 45. Rg2 h4 46. Qg7 Rf1 47. Rg1
Qf2+ 48. Qg2 Qf4+ 49. Kh1 Rf2 50. Qg8+ Kc7 51. Rg2 Rf1+ 52. Rg1 Qf3+ 53. Qg2
Rxg1+ 54. Kxg1 Qxb3 55. Qg4 Qg3+ 56. Qxg3 hxg3 0-1

[Event "AUTO-OPEN-3752"]
[Site "http://www.queenalice.com/game.php?id=1493832"]
[Date "2017.9.10"]
[Round "2"]
[White "leeroy1"]
[Black "Arthur0007"]
[Result "0-1"]
[WhiteElo "2188"]
[BlackElo "2032"]

1. d4 d5 2. Bg5 Bf5 3. Nc3 Nf6 4. e3 h6 5. Bh4 e6 6. a3 Be7 7. h3 c6 8. b4 Nbd7
9. Nf3 Ne4 10. Bxe7 Nxc3 11. Qc1 Qxe7 12. Bd3 Ne4 13. Qb2 h5 14. Bxe4 Bxe4 15.
O-O-O a5 16. Rhg1 axb4 17. axb4 Nb6 18. Nd2 Bg6 19. Nb1 Ra4 20. c3 O-O 21. Qb3
Rfa8 22. Kd2 Ra2+ 23. Ke1 Bc2 0-1

[Event "AUTO-MASTER-2787"]
[Site "http://www.queenalice.com/game.php?id=1550050"]
[Date "2018.11.21"]
[Round "1"]
[White "Arthur0007"]
[Black "inda13"]
[Result "0-1"]
[WhiteElo "1953"]
[BlackElo "2239"]

1. e4 c5 2. Be2 Nc6 3. d3 g6 4. c3 Bg7 5. f4 e6 6. Nf3 Nge7 7. O-O O-O 8. Na3 d5
9. Nc2 Qc7 10. e5 f6 0-1

[Event "AUTO-MASTER-2787"]
[Site "http://www.queenalice.com/game.php?id=1550056"]
[Date "2018.11.21"]
[Round "1"]
[White "Arthur0007"]
[Black "Regina1962"]
[Result "0-1"]
[WhiteElo "1948"]
[BlackElo "2105"]

1. e4 c5 2. Nf3 e6 3. c3 d5 4. exd5 Qxd5 5. d4 cxd4 6. Qxd4 Nf6 7. Bc4 Qxd4 8.
Nxd4 a6 9. b4 b5 10. Bb3 Bb7 0-1

[Event "AUTO-OPEN-3995"]
[Site "http://www.queenalice.com/game.php?id=1550123"]
[Date "2018.11.21"]
[Round "1"]
[White "Arthur0007"]
[Black "Renatogr90"]
[Result "1-0"]
[WhiteElo "2047"]
[BlackElo "1746"]

1. e4 e5 2. Nf3 Nc6 3. Bc4 Nf6 4. d4 exd4 5. O-O Bc5 6. e5 Nh5 7. Bxf7+ Kxf7 8.
Ng5+ Kg8 9. Qxh5 Nxe5 10. Nf7 Nxf7 11. Qxc5 Qf6 12. Re1 d6 13. Re8# 1-0

[Event "AUTO-OPEN-3995"]
[Site "http://www.queenalice.com/game.php?id=1550124"]
[Date "2018.11.21"]
[Round "1"]
[White "Renatogr90"]
[Black "Arthur0007"]
[Result "1-0"]
[WhiteElo "1676"]
[BlackElo "1981"]

1. e4 e5 2. Nf3 Nf6 3. Bc4 d5 4. exd5 Nxd5 5. Nxe5 Be6 6. Qf3 Be7 7. O-O O-O 8.
d4 c6 9. Bxd5 Bxd5 10. Qg3 Bh4 11. Qg4 Bf6 12. c3 c5 13. Bf4 Be6 14. Qg3 cxd4
15. cxd4 1-0

[Event "AUTO-OPEN-3995"]
[Site "http://www.queenalice.com/game.php?id=1550125"]
[Date "2018.11.21"]
[Round "1"]
[White "Arthur0007"]
[Black "askasl159"]
[Result "0-1"]
[WhiteElo "2011"]
[BlackElo "1652"]

1. e4 e5 2. f4 Nc6 3. Nf3 d5 4. exd5 Qxd5 5. Nxe5 Nxe5 6. fxe5 Qxe5+ 7. Qe2
Qxe2+ 8. Bxe2 Bc5 9. b3 Bf5 10. d3 Nf6 11. Kd2 Rd8 12. Bf3 b6 13. Bb2 Bd4 14.
Bxd4 Rxd4 0-1

[Event "AUTO-OPEN-3995"]
[Site "http://www.queenalice.com/game.php?id=1550126"]
[Date "2018.11.21"]
[Round "1"]
[White "askasl159"]
[Black "Arthur0007"]
[Result "1-0"]
[WhiteElo "1622"]
[BlackElo "2041"]

1. e4 e5 2. f4 d6 3. Nf3 Bg4 4. h3 Bxf3 5. Qxf3 Nf6 6. fxe5 dxe5 7. Bc4 Bc5 8.
c3 O-O 9. d3 Nc6 10. b4 Nxb4 11. cxb4 Bd4 12. Nd2 Bxa1 13. O-O Bd4+ 14. Kh1 1-0